Statistiken für Geographie nach Bild - P

Klicken Sie hier um das Quiz zu spielen!

Allgemein

  • Dieses Quiz wurde 3.267 mal gespielt
  • Das Durchschnittsergebnis liegt bei 11 aus 18

Antwortstatistiken

Antwort% Korrekt
Polen
97%
Pisa
96%
Paris
95%
Peru
95%
{Persischer} Golf
82%
Palau
70%
Palästina
68%
Prag
68%
Panamakanal
64%
Potsdam
64%
Peking
58%
Pamplona
50%
Pompeji
49%
Río de la {Plata}
49%
Patagonien
46%
Parthenon
38%
Pjöngjang
33%
Pinatubo
14%

Verteilung der Resultate

Perzentil nach korrekt beantworteten Fragen

Anzahl Personen mit jedem Resultat

Ihre Resultats-Entwicklung

Sie haben dieses Quiz noch nicht gespielt